=LDR 00000nam 2200000 4500 =001 000781 =005 20250711110426 =035 ##$$a 0010-0725000650 =007 ta =008 250711################a##########0#ind## =020 ##$$a 978-623-307-530-5 =082 ##$$a 398.209 598 =084 ##$$a 398.209 598 NAI b =100 #$$a Naidu Lavanya =245 1#$$a Buku Dinosaurus India Pertamaku /$c Lavanya Naidu =250 ##$$a Cetakan Pertama 2024 =260 ##$$a Jakarta :$b Badan Pengembangan dan Pembinaan Bahasa,$c 2022 =300 ##$$a 18 hlm : $b Ilus. ; $c 21,5 cm =650 #4$$a Cerita Anak Indonesia - Terjemahan =650 #4$$a Literasi- Bahan Bacaan =990 ##$$a TBM202400610